| 000 | 00619nam a2200193 a 4500 | ||
|---|---|---|---|
| 005 | 20210219145904.0 | ||
| 008 | 991125s1974 mx 000 0 spa u | ||
| 035 | _aUPN01000003153 | ||
| 049 | _aCG | ||
| 050 | 4 |
_aG141 _bA74 |
|
| 245 | 0 | 0 |
_aAntología de geografía histórica moderna y contemporánea / _ccomp. Esperanza Figueroa Alcocer. |
| 260 |
_aMéxico : _bUNAM, _c1974. |
||
| 300 | _a641 p. | ||
| 440 | 0 |
_aLecturas universitarias ; _v16 |
|
| 500 | _a"Colegio de Ciencias y Humanidades. Nivel de bachillerato" | ||
| 650 | 4 | _aGEOGRAFIA HISTORICA | |
| 700 | 1 |
_aFigueroa Alcocer, Esperanza, _ecomp. |
|
| 905 | _aLibro | ||
| 999 |
_c3153 _d3153 |
||